000
00299nam a22001337a 4500
008
170227b xxu||||| |||| 00| 0 eng d
020
_a
0849344972
041
_a
eng
080
_a
577
100
_a
5
101
_a
SHMB
245
_a
LOGIC OF BIOCHEMICAL SEQUENCING
_c
BLACKMAN, D.S
942
_2
udc
_c
BK
999
_c
6339
_d
6339